| 000 | 00545nam a2200181 i 4500 | ||
|---|---|---|---|
| 001 | 36615 | ||
| 003 | ES-MaACL | ||
| 005 | 20230906155414.0 | ||
| 007 | t| | ||
| 008 | 030218s1984 xxu ||||1| eng d | ||
| 020 | _a0-931477-54-9 | ||
| 100 | 1 |
_aBrown, Michael Barratt. _932015 |
|
| 245 | 1 | 0 |
_aModels in political economy _b: a guide to the arguments / _cMichael Barratt Brown. |
| 260 |
_aBoulder, Colorado : _bLynne Rienner Publishers, _c[1984] |
||
| 300 |
_a281 p. ; _c24 cm. |
||
| 500 | _aIndices. | ||
| 852 |
_aES-MaACL _jL-11599 _bR.112911 |
||
| 999 |
_c36615 _d36615 |
||